00502nam a2200193 a 4500001001300000003000900013005001700022008004100039020001000080082001300090100001400103245005900117260003700176300000900213500003500222505002400257650001300281700001400294nice12345678IN_TiNIC20260116011338.0050524s1962 newa grp 000 0 eng  ac10000a266bHAR aHarr, W C aFrontiers of the Christian World Missions, Since 1938. aNew York bHarper and Row c1962 a310p aincludes index and biblioraphy2 aBibliography, Index aMissions1 aHarr, W C